| 000 | 02914nam a2200277 a 4500 | ||
|---|---|---|---|
| 001 | BRCA_8994 | ||
| 005 | 20190320210503.0 | ||
| 008 | 130717s1755----sp-#######---#000-0#spa-# | ||
| 041 | _aspa | ||
| 044 | _asp | ||
| 084 |
_aLM18 _b.B67 1755 |
||
| 100 | 1 |
_aBossuet, Jacques-Bénigne _d1627 - 1704 _922321 |
|
| 245 | 1 | 0 |
_aHistoria de las variaciones de las iglesias protestantes, y exposición de la doctrina de la iglesia catholica, sobre los puntos de controversia _bobras curiosissimas, enriquecidas de singular Erudicion, Escolastica, Theologica, y Dogmatica, en que se refiere las Variaciones, de Doctrinas, las temerarias empresas de Luthero, los moustrosos excessos de Enrique VIII. Rey de Inglaterra, la hypocresia, y falsedad de Cranmer, Arzobispo de Cantorberi; como también de otro Hereges, pretendidos Reformadores, y no menos sacrilegos Enemigos de la Santa Iglesia Catholica, cuya única verdadera Religión con la mayor resulgencia triunfa gloriosamente de todas las Heregias _cpor el Iilmo. Dr. Jacobo Benigno Bossuet, Obispo Meldense; y traducidas de el Francés por D. Miguel Joseph Fernández, Secreario de Excelentissimo Señor Marques de Ariza, etc. |
| 260 |
_aMadrid _bEn la Imprenta de los Herederos de D. Agvstin de Gordejvela _c1755 |
||
| 300 |
_a358 p. (t.3) _c20.3 x 15.5 cm |
||
| 500 | _aCon privilegio | ||
| 500 | _aEstado físico: presenta encuadernación en pergamino con cintas | ||
| 500 | _aCon marca de fuego: “Procedencia de la marca: Colegio de la Señora Santa Ana o de san Ángel de Coyoacán(1). Institución: Orden de Carmelitas Descalzos. Provincia de San Alberto de México. Descripción: Variación sobre las armas de la Orden del Monte Carmelo. Un mantel sumado de una cruz, cargado de una estrella y flanqueada la cruz de las letras capitales C y O. Al timbre, corona real abierta. Observaciones: Las iniciales podrían hacer referencia a Coyoacán; de hecho, Rafael Sala y Carlos Krausse la atribuyen al Convento de Santa Ana de Coyoacán, actualmente El Carmen de San Ángel, Ciudad de México. ------ Esta marca es semejante a la BEFK-3025 pero varían las dimensiones. --------- La marca conserva cuatro elementos del escudo carmelita: la cruz, el monte/mantel, la estrella en punta y la corona de tres florones (con dos menores intercalados), simplificación de la de 12 estrellas (sentido místico del Apocalipsis) (2). Ubicación de la marca en el libro: Canto superior” | ||
| 650 | 1 | 4 |
_aIglesia protestante _xHistoria _yObras anteriores a 1800 _922322 |
| 650 | 1 | 4 |
_aIglesia católica _xDoctrina _yObras anteriores a 1800 _922323 |
| 650 | 1 | 4 |
_aProtestantismo _yObras anteriores a 1800 _922324 |
| 700 | 1 |
_aFernández, Miguel Joseph _etr. _922325 |
|
| 856 | _ahttp://www.marcasdefuego.buap.mx:8180/xmLibris/projects/firebrand/item.jsp?repository=marcas_de_fuego&key=marcas_de_fuego_carmelitas_20150604113816_cd6c.xml&num=34 | ||
| 902 | _aCFM | ||
| 942 |
_2lcc _cB |
||
| 999 |
_c8645 _d8645 |
||